Práva a povinnosti spoločníka spoločnosti s ručením obmedzeným diplomová práca

Saved in:
Bibliographic Details
Main Author: Petríková, Natália
Corporate Author: Obchodná fakulta EU. Katedra obchodného práva
Other Authors: Veterníková, Mária, 1964-
Format: Book
Language:Slovak
Published: Bratislava 2013
Tags: Add Tag
No Tags, Be the first to tag this record!

MARC

LEADER 00000nbm a2200000 4500
001 0169539
005 20161109102310.8
041 0 |a slo 
044 |a SK 
245 1 0 |a Práva a povinnosti spoločníka spoločnosti s ručením obmedzeným  |b diplomová práca  |c Natália Petríková ; školiteľ: Mária Veterníková 
264 1 |a Bratislava  |c 2013 
300 |a 62 s. 
100 1 |a Petríková, Natália 
700 1 |a Veterníková, Mária, 1964- 
710 2 |a Obchodná fakulta EU. Katedra obchodného práva